| 000 | 00833nam a2200193 u 4500 | ||
|---|---|---|---|
| 001 | 000261353 | ||
| 003 | AM-YeHGA | ||
| 005 | 20250618071740.0 | ||
| 008 | 030912s1957 ai c r 000 0 arm d | ||
| 040 | _aAM-YeHGA | ||
| 100 | 1 |
_aՄելիքյան, Հենրիկ Սասունիկի, _d1926-2004 _91941 |
|
| 245 | 1 | 0 |
_aՄարքսիստական կազմակերպությունները և ռևոլյուցիոն շարժումները Լոռում : _b(1899-1908 թթ.) / _cՀ.Ս. Մելիքյան; Խմբ.՝ Հ. Կարապետյան. |
| 260 |
_aԵրևան : _bՀայպետհրատ, _c1957. |
||
| 300 |
_a230 էջ : _bնկ. ; _c21 սմ. |
||
| 500 | _aՏողատակի ծանոթագր. | ||
| 650 | 1 | 4 |
_aՀայոց պատմություն _zԼոռում _d1899-1908 թթ. |
| 700 | 1 |
_aԿարապետյան, Հ. _eխմբ. _4edt |
|
| 090 | _c95850 | ||
| 999 |
_c94549 _d94549 |
||